| Tag |
First Indicator |
Second Indicator |
Subfields |
| LEADER |
00000pam a2200000 i 4500 |
| 001 |
in00000064841 |
| 005 |
20151008050717.0 |
| 008 |
770627s1977 nyu b 00100 eng |
| 010 |
|
|
|a 77024707
|
| 020 |
|
|
|z 0231043066.
|
| 020 |
|
|
|a 0231043074 (pbk.)
|
| 035 |
|
|
|a (OCoLC)03186388
|
| 035 |
|
|
|9 AAG2819AM
|
| 040 |
|
|
|a DLC
|c DLC
|d TXA
|d UtOrBLW
|
| 049 |
|
|
|a TXAM
|c 1 [929807], 2 [1115123]
|
| 050 |
0 |
0 |
|a R726
|b .E77
|
| 060 |
|
0 |
|a W50 E824
|
| 082 |
0 |
|
|a 174/.2
|
| 245 |
0 |
0 |
|a Ethical issues in death and dying /
|c Robert F. Weir, editor.
|
| 264 |
|
1 |
|a New York :
|b Columbia University Press,
|c [1977]
|
| 264 |
|
4 |
|c ©1977
|
| 300 |
|
|
|a xxi, 405 pages ;
|c 24 cm.
|
| 336 |
|
|
|a text
|b txt
|2 rdacontent
|
| 337 |
|
|
|a unmediated
|b n
|2 rdamedia
|
| 338 |
|
|
|a volume
|b nc
|2 rdacarrier
|
| 504 |
|
|
|a Includes bibliographies and index.
|
| 650 |
|
0 |
|a Terminal care
|x Moral and ethical aspects.
|
| 650 |
|
0 |
|a Death
|x Proof and certification.
|
| 650 |
|
0 |
|a Euthanasia.
|
| 650 |
|
0 |
|a Suicide.
|
| 650 |
|
2 |
|a Ethics, Medical.
|
| 650 |
|
2 |
|a Death.
|
| 650 |
|
2 |
|a Euthanasia.
|
| 650 |
|
2 |
|a Suicide.
|
| 650 |
|
2 |
|a Attitude to Death.
|
| 700 |
1 |
|
|a Weir, Robert F.,
|d 1943-
|
| 999 |
|
|
|a MARS
|
| 999 |
f |
f |
|s d98e3da6-fd93-3ce2-b866-209f0043691f
|i 767e2e60-d3a4-3156-84ca-30ccf2264e5e
|t 0
|
| 952 |
f |
f |
|p ric
|a Texas A&M University
|b Rellis Campus
|c Joint Library Facility
|d Remote Storage
|t 0
|e R726 .E77
|h Library of Congress classification
|i unmediated -- volume
|m A14805058136
|
| 998 |
f |
f |
|a R726 .E77
|t 0
|l Remote Storage
|